| 000 | 00778nam a22002657a 4500 | ||
|---|---|---|---|
| 003 | CHAP | ||
| 005 | 20220329133654.0 | ||
| 008 | 971013s1957 r 00010 d | ||
| 010 | _a9310 | ||
| 011 | _a10282 | ||
| 035 | _a9519 | ||
| 040 | _cCHAP | ||
| 082 |
_a334.683 _bA2 |
||
| 100 | 0 | 0 |
_aAbrahamsen, Martin A. _9299 |
| 245 |
_aAgricultural cooperation _b: selected readings |
||
| 260 |
_aMinneapolis, Minn. : _bUniv. of Minnesota, _c1957 |
||
| 300 | _a576 p. | ||
| 590 |
_aBATCH-UPD _b10 _c20130110 _lUCH01 _h1037 |
||
| 590 |
_aCONVERSION _b10 _c20130109 _lUCH01 _h1306 |
||
| 650 | 1 | 4 |
_aAgricultura cooperativa. _91945 |
| 700 | 0 |
_aScroggs, Claud L. _9103428 |
|
| 901 | _aBK | ||
| 942 | _cLIBRO | ||
| 949 |
_a334.683 A2 _bBC _cLIBRO _d33724000335212 _eLIBRO _h15663 _i9519 _mD AID _si |
||
| 999 |
_c9310 _d9310 |
||